Top Walnut Producers Quiz Stats

 Plays Quiz not verified by Sporcle

Also try: Meaning of 'K'
Challenge
Share
Tweet
Embed
Score 0/10 Timer 10:00
0 Plays Today
Rank Country % Correct
3USA
96.6%
1China
94.8%
7India
84.5%
4Turkey
82.8%
2Iran
81%
5Mexico
77.6%
9France
77.6%
6Ukraine
60.3%
8Chile
55.2%
10Romania
55.2%

You're not logged in!

Compare scores with friends on all Sporcle quizzes.
Join for Free
OR
Log In

You Might Also Like...

Show Comments

Extras

Created Sep 16, 2016ReportNominate
Tags:Country Quiz, nut, producing, Top 10

Top Quizzes Today


Score Distribution

Your Account Isn't Verified!

In order to create a playlist on Sporcle, you need to verify the email address you used during registration. Go to your Sporcle Settings to finish the process.

Report this User

Report this user for behavior that violates our Community Guidelines.

Details: